[Event "U14 Polish Youth Championship"]
[Site "chess24.com"]
[Date "2018.04.30"]
[Round "2"]
[White "Paprocki, Stanislaw"]
[Black "Ochedzan, Tymon"]
[Result "1-0"]
[Board "6"]
[WhiteElo "1748"]
[WhiteCountry "POL"]
[WhiteFideId "21817294"]
[WhiteEloChange "17"]
[BlackElo "2047"]
[BlackTitle "CM"]
[BlackCountry "POL"]
[BlackFideId "21810389"]
[BlackEloChange "-17"]

1. e4 {[%clk 1:30:46]} c5 {[%clk 1:30:53]} 2. Nf3 {[%clk 1:30:51]} d6 {[%clk
1:31:17]} 3. d4 {[%clk 1:30:56]} cxd4 {[%clk 1:31:38]} 4. Nxd4 {[%clk 1:31:19]}
Nf6 {[%clk 1:31:53]} 5. Nc3 {[%clk 1:30:51]} a6 {[%clk 1:32:05]} 6. f4 {[%clk
1:30:13]} e5 {[%clk 1:23:34]} 7. Nf3 {[%clk 1:29:40]} Qc7 {[%clk 1:19:10]} 8. Bd3
{[%clk 1:26:23]} Be7 {[%clk 1:18:22]} 9. a4 {[%clk 1:24:23]} b6 {[%clk 1:16:16]}
10. O-O {[%clk 1:21:36]} O-O {[%clk 1:14:44]} 11. Qe2 {[%clk 1:17:46]} Nbd7
{[%clk 1:10:38]} 12. f5 {[%clk 1:11:46]} Bb7 {[%clk 1:09:03]} 13. Bg5 {[%clk
1:07:26]} Rfe8 {[%clk 1:03:31]} 14. Kh1 {[%clk 0:53:29]} d5 {[%clk 0:47:54]} 15.
exd5 {[%clk 0:44:12]} Bb4 {[%clk 0:36:07]} 16. Ne4 {[%clk 0:40:36]} Nxd5 {[%clk
0:35:26]} 17. f6 {[%clk 0:37:19]} g6 {[%clk 0:33:08]} 18. Qf2 {[%clk 0:28:01]}
Qc6 {[%clk 0:30:31]} 19. Qh4 {[%clk 0:27:37]} Re6 {[%clk 0:29:49]} 20. c4 {[%clk
0:22:26]} Nc7 {[%clk 0:19:23]} 21. Be3 {[%clk 0:13:49]} Rxf6 {[%clk 0:11:57]} 22.
Nfg5 {[%clk 0:07:53]} h5 {[%clk 0:10:44]} 23. Nxf6+ {[%clk 0:08:00]} Nxf6 {[%clk
0:11:00]} 24. Qf2 {[%clk 0:07:14]} Rf8 {[%clk 0:08:54]} 25. h3 {[%clk 0:01:23]}
h4 {[%clk 0:03:33]} 26. Be2 {[%clk 0:00:42]} Ne6 {[%clk 0:03:00]} 27. Nxe6 {[%clk
0:00:48]} fxe6 {[%clk 0:03:24]} 28. c5 {[%clk 0:00:42]} Nd7 {[%clk 0:02:26]} 29.
Qg1 {[%clk 0:00:48]} Nxc5 {[%clk 0:02:52]} 30. Rxf8+ {[%clk 0:00:59]} Kxf8 {[%clk
0:03:16]} 31. Qf2+ {[%clk 0:01:10]} Ke8 {[%clk 0:02:07]} 32. Rf1 {[%clk 0:00:50]}
Ne4 {[%clk 0:01:37]} 33. Qxh4 {[%clk 0:00:44]} Be7 {[%clk 0:01:38]} 34. Qh8+
{[%clk 0:00:48]} Kd7 {[%clk 0:02:02]} 35. Rd1+ {[%clk 0:00:56]} Nd6 {[%clk
0:01:43]} 36. Bf3 {[%clk 0:00:54]} e4 {[%clk 0:01:30]} 37. Bg4 {[%clk 0:00:55]}
Qxa4 {[%clk 0:00:50]} 38. Qe5 {[%clk 0:00:41]} Qb3 {[%clk 0:00:48]} 39. Bf4
{[%clk 0:00:31]} Qb4 {[%clk 0:00:36]} 40. Qxe6+ {[%clk 0:00:39]} Ke8 {[%clk
0:00:37]} 41. Bxd6 {[%clk 0:00:46]} Qxd6 {[%clk 0:00:48]} 42. Rxd6 {[%clk
0:01:09]} Bd5 {[%clk 0:01:14]} 43. Qxd5 {[%clk 0:01:27]} Bxd6 {[%clk 0:01:39]}
44. Qxd6 {[%clk 0:01:44]} a5 {[%clk 0:02:06]} 45. Be6 {[%clk 0:02:06]} a4 {[%clk
0:02:32]} 46. Qd7+ {[%clk 0:02:31]} Kf8 {[%clk 0:02:56]} 47. Qf7# {[%clk
0:02:50]} 1-0

[Event "U14 Polish Youth Championship"]
[Site "chess24.com"]
[Date "2018.04.30"]
[Round "2"]
[White "Niedbala, Bartlomiej"]
[Black "Topola, Rafal"]
[Result "1-0"]
[Board "7"]
[WhiteElo "1956"]
[WhiteCountry "POL"]
[WhiteFideId "21834008"]
[WhiteEloChange "3"]
[BlackElo "1660"]
[BlackCountry "POL"]
[BlackFideId "21830533"]
[BlackEloChange "-3"]

1. e4 {[%clk 1:30:57]} c6 {[%clk 1:30:57]} 2. d4 {[%clk 1:31:14]} d5 {[%clk
1:31:24]} 3. Nd2 {[%clk 1:30:58]} dxe4 {[%clk 1:31:45]} 4. Nxe4 {[%clk 1:31:18]}
Nd7 {[%clk 1:32:01]} 5. Nf3 {[%clk 1:31:15]} Ngf6 {[%clk 1:32:25]} 6. Ng3 {[%clk
1:31:32]} e6 {[%clk 1:32:31]} 7. Bd3 {[%clk 1:31:44]} Bd6 {[%clk 1:32:50]} 8. Qe2
{[%clk 1:31:15]} O-O {[%clk 1:28:02]} 9. O-O {[%clk 1:31:00]} Qc7 {[%clk
1:27:14]} 10. Ne4 {[%clk 1:29:46]} Nxe4 {[%clk 1:27:39]} 11. Qxe4 {[%clk
1:30:02]} Nf6 {[%clk 1:28:03]} 12. Qh4 {[%clk 1:29:59]} Be7 {[%clk 1:21:24]} 13.
Bg5 {[%clk 1:29:24]} h6 {[%clk 1:08:57]} 14. Bxh6 {[%clk 1:28:16]} gxh6 {[%clk
1:06:29]} 15. Qxh6 {[%clk 1:28:32]} Rd8 {[%clk 1:06:12]} 16. Ng5 {[%clk 1:24:15]}
Qf4 {[%clk 1:06:31]} 17. Bh7+ {[%clk 1:06:51]} 1-0

[Event "U14 Polish Youth Championship"]
[Site "chess24.com"]
[Date "2018.04.30"]
[Round "2"]
[White "Koziorowicz, Michal"]
[Black "Majdanski, Maksymilian"]
[Result "1-0"]
[Board "8"]
[WhiteElo "1860"]
[WhiteCountry "POL"]
[WhiteFideId "21809194"]
[WhiteEloChange "4"]
[BlackElo "1626"]
[BlackCountry "POL"]
[BlackFideId "21820570"]
[BlackEloChange "-4"]

1. e4 {[%clk 1:31:00]} e5 {[%clk 1:30:55]} 2. Bc4 {[%clk 1:31:25]} Nf6 {[%clk
1:30:45]} 3. d3 {[%clk 1:31:47]} Nc6 {[%clk 1:29:43]} 4. Nc3 {[%clk 1:31:59]} Bc5
{[%clk 1:29:56]} 5. f4 {[%clk 1:31:33]} exf4 {[%clk 1:29:54]} 6. Bxf4 {[%clk
1:31:54]} d6 {[%clk 1:30:13]} 7. h3 {[%clk 1:26:54]} Qe7 {[%clk 1:08:16]} 8. Nge2
{[%clk 1:11:51]} Nh5 {[%clk 1:01:05]} 9. Nd5 {[%clk 1:08:34]} Qd8 {[%clk
0:52:10]} 10. Qd2 {[%clk 1:05:52]} Be6 {[%clk 0:48:58]} 11. Bg5 {[%clk 1:01:33]}
f6 {[%clk 0:45:53]} 12. Bh4 {[%clk 1:01:17]} g5 {[%clk 0:44:42]} 13. Bg3 {[%clk
0:56:28]} Nd4 {[%clk 0:40:11]} 14. Bh2 {[%clk 0:49:00]} c6 {[%clk 0:33:22]} 15.
Ne3 {[%clk 0:38:25]} Bxc4 {[%clk 0:27:30]} 16. Nxc4 {[%clk 0:38:40]} b5 {[%clk
0:23:49]} 17. Nxd4 {[%clk 0:38:23]} bxc4 {[%clk 0:21:37]} 18. Nf5 {[%clk
0:36:46]} Qb6 {[%clk 0:19:28]} 19. d4 {[%clk 0:27:43]} Qxb2 {[%clk 0:16:55]} 20.
O-O {[%clk 0:27:34]} Bb4 {[%clk 0:13:58]} 21. Qe2 {[%clk 0:27:24]} Ng7 {[%clk
0:13:37]} 22. Nxg7+ {[%clk 0:27:36]} Kf7 {[%clk 0:13:39]} 23. Qxc4+ {[%clk
0:25:50]} Kxg7 {[%clk 0:13:36]} 24. Rab1 {[%clk 0:26:19]} Qa3 {[%clk 0:12:24]}
25. Rxb4 {[%clk 0:26:16]} Qe3+ {[%clk 0:11:37]} 26. Kh1 {[%clk 0:26:40]} Rhf8
{[%clk 0:11:15]} 27. Rb7+ {[%clk 0:26:51]} Kg6 {[%clk 0:11:30]} 28. Bxd6 {[%clk
0:27:05]} 1-0

[Event "U14 Polish Youth Championship"]
[Site "chess24.com"]
[Date "2018.04.30"]
[Round "2"]
[White "Kozlowski, Michal"]
[Black "Turski, Bartlomiej"]
[Result "0-1"]
[Board "9"]
[WhiteElo "1648"]
[WhiteCountry "POL"]
[WhiteFideId "21838194"]
[WhiteEloChange "-5"]
[BlackElo "1830"]
[BlackCountry "POL"]
[BlackFideId "21810567"]
[BlackEloChange "5"]

1. e4 {[%clk 1:30:57]} c5 {[%clk 1:30:55]} 2. Nf3 {[%clk 1:31:19]} d6 {[%clk
1:31:21]} 3. c4 {[%clk 1:31:44]} Bg4 {[%clk 1:31:27]} 4. Be2 {[%clk 1:29:40]}
Bxf3 {[%clk 1:31:38]} 5. Bxf3 {[%clk 1:29:57]} Nc6 {[%clk 1:31:48]} 6. b3 {[%clk
1:24:49]} Nd4 {[%clk 1:27:27]} 7. Bb2 {[%clk 1:25:07]} g6 {[%clk 1:27:24]} 8.
Bxd4 {[%clk 1:25:11]} cxd4 {[%clk 1:27:52]} 9. d3 {[%clk 1:25:29]} Bg7 {[%clk
1:27:20]} 10. O-O {[%clk 1:25:36]} e6 {[%clk 1:27:30]} 11. Nd2 {[%clk 1:21:10]}
Ne7 {[%clk 1:27:39]} 12. b4 {[%clk 1:19:58]} O-O {[%clk 1:27:37]} 13. a4 {[%clk
1:19:55]} a5 {[%clk 1:27:47]} 14. Rb1 {[%clk 1:16:05]} Nc6 {[%clk 1:26:17]} 15.
bxa5 {[%clk 1:15:03]} Qxa5 {[%clk 1:25:44]} 16. Rxb7 {[%clk 1:09:29]} Qxa4 {[%clk
1:24:12]} 17. Rb6 {[%clk 0:57:05]} Ne5 {[%clk 1:23:35]} 18. Be2 {[%clk 0:55:43]}
Qxd1 {[%clk 1:20:28]} 19. Rxd1 {[%clk 0:54:18]} Rfb8 {[%clk 1:20:45]} 20. Rxb8+
{[%clk 0:54:22]} Rxb8 {[%clk 1:21:14]} 21. Nf3 {[%clk 0:54:19]} Nd7 {[%clk
1:21:20]} 22. g3 {[%clk 0:53:26]} Nc5 {[%clk 1:21:13]} 23. Ne1 {[%clk 0:48:02]}
Rb2 {[%clk 1:21:03]} 24. Bf1 {[%clk 0:45:54]} f5 {[%clk 1:19:44]} 25. f3 {[%clk
0:42:00]} Bh6 {[%clk 1:19:29]} 26. Ng2 {[%clk 0:41:19]} e5 {[%clk 1:16:27]} 27.
exf5 {[%clk 0:31:02]} gxf5 {[%clk 1:16:53]} 28. Nh4 {[%clk 0:29:51]} Be3+ {[%clk
1:12:11]} 29. Kh1 {[%clk 0:30:04]} f4 {[%clk 1:12:14]} 30. Nf5 {[%clk 0:30:13]}
Rb6 {[%clk 1:04:59]} 31. h4 {[%clk 0:18:00]} fxg3 {[%clk 1:03:38]} 32. Nxe3
{[%clk 0:12:35]} dxe3 {[%clk 1:03:56]} 33. Re1 {[%clk 0:12:01]} Ne6 {[%clk
1:02:51]} 34. Kg2 {[%clk 0:12:11]} Rb2+ {[%clk 1:02:40]} 35. Kxg3 {[%clk
0:12:19]} Nd4 {[%clk 1:02:38]} 36. f4 {[%clk 0:10:31]} e2 {[%clk 0:59:18]} 37.
Bh3 {[%clk 0:09:52]} Rd2 {[%clk 0:58:43]} 38. Bg4 {[%clk 0:09:08]} Rxd3+ {[%clk
0:58:01]} 39. Kf2 {[%clk 0:07:45]} exf4 {[%clk 0:57:56]} 40. Bxe2 {[%clk
0:07:18]} Rd2 {[%clk 0:58:17]} 41. Kf1 {[%clk 0:07:42]} f3 {[%clk 0:58:32]} 42.
Bd1 {[%clk 0:08:07]} f2 {[%clk 0:57:56]} 43. Re8+ {[%clk 0:08:33]} Kf7 {[%clk
0:58:17]} 44. Ba4 {[%clk 0:08:58]} Nf5 {[%clk 0:58:06]} 45. Kg2 {[%clk 0:08:23]}
Ng3 {[%clk 0:58:15]} 0-1

[Event "U14 Polish Youth Championship"]
[Site "chess24.com"]
[Date "2018.04.30"]
[Round "2"]
[White "Skurniak, Szymon"]
[Black "Majewski, Krzysztof"]
[Result "1/2-1/2"]
[Board "10"]
[WhiteElo "1821"]
[WhiteCountry "POL"]
[WhiteFideId "21805571"]
[WhiteEloChange "-6"]
[BlackElo "1555"]
[BlackCountry "POL"]
[BlackFideId "21800456"]
[BlackEloChange "6"]

1. e4 {[%clk 1:30:53]} e6 {[%clk 1:30:52]} 2. d4 {[%clk 1:31:19]} d5 {[%clk
1:31:19]} 3. Nc3 {[%clk 1:31:44]} dxe4 {[%clk 1:31:45]} 4. Nxe4 {[%clk 1:32:09]}
Nd7 {[%clk 1:32:01]} 5. Nf3 {[%clk 1:28:31]} Ngf6 {[%clk 1:32:26]} 6. Bd3 {[%clk
1:23:31]} Nxe4 {[%clk 1:32:30]} 7. Bxe4 {[%clk 1:23:57]} Nf6 {[%clk 1:32:52]} 8.
Bd3 {[%clk 1:24:23]} c5 {[%clk 1:33:14]} 9. Bg5 {[%clk 1:23:21]} Be7 {[%clk
1:31:08]} 10. dxc5 {[%clk 1:18:20]} Qa5+ {[%clk 1:29:31]} 11. c3 {[%clk 1:13:32]}
Qxc5 {[%clk 1:29:36]} 12. Be3 {[%clk 0:59:32]} Qc7 {[%clk 1:29:56]} 13. Qe2
{[%clk 0:45:32]} O-O {[%clk 1:30:02]} 14. h4 {[%clk 0:45:19]} h6 {[%clk 1:29:15]}
15. Bd4 {[%clk 0:43:23]} Nd5 {[%clk 1:25:01]} 16. Be5 {[%clk 0:31:45]} Bd6 {[%clk
1:24:59]} 17. Qe4 {[%clk 0:30:42]} f5 {[%clk 1:25:18]} 18. Qd4 {[%clk 0:29:40]}
Bxe5 {[%clk 1:25:15]} 19. Qxe5 {[%clk 0:27:48]} Qxe5+ {[%clk 1:25:28]} 20. Nxe5
{[%clk 0:28:14]} b6 {[%clk 1:24:20]} 21. O-O-O {[%clk 0:26:13]} Bb7 {[%clk
1:23:05]} 22. Bc4 {[%clk 0:19:05]} Rfd8 {[%clk 1:22:47]} 23. g3 {[%clk 0:18:21]}
Kf8 {[%clk 1:20:48]} 24. Rhe1 {[%clk 0:17:02]} Ke7 {[%clk 1:20:36]} 25. Bb5
{[%clk 0:15:26]} Rac8 {[%clk 1:19:26]} 26. f4 {[%clk 0:14:08]} a6 {[%clk
1:19:43]} 27. Bd3 {[%clk 0:12:16]} Kf6 {[%clk 1:19:46]} 28. Rd2 {[%clk 0:11:18]}
Ne7 {[%clk 1:17:31]} 29. Rde2 {[%clk 0:06:43]} Nc6 {[%clk 1:16:42]} 30. Bc2
{[%clk 0:06:14]} Nxe5 {[%clk 1:16:12]} 31. Rxe5 {[%clk 0:06:43]} Rd6 {[%clk
1:15:39]} 32. R1e3 {[%clk 0:05:59]} Bd5 {[%clk 1:15:19]} 33. b3 {[%clk 0:05:57]}
b5 {[%clk 1:15:38]} 34. Kb2 {[%clk 0:06:24]} Rdc6 {[%clk 1:14:58]} 35. Bxf5
{[%clk 0:05:48]} Bxb3 {[%clk 1:09:01]} 36. Be4 {[%clk 0:06:17]} Bd5 {[%clk
1:09:15]} 37. Bxd5 {[%clk 0:06:46]} exd5 {[%clk 1:09:35]} 38. Rxd5 {[%clk
0:06:46]} Re6 {[%clk 1:09:49]} 39. Red3 {[%clk 0:06:09]} Rce8 {[%clk 1:09:31]}
40. Kb3 {[%clk 0:05:25]} Re4 {[%clk 1:07:56]} 41. Rd7 {[%clk 0:05:00]} R8e6
{[%clk 1:04:37]} 42. R7d5 {[%clk 0:04:46]} g6 {[%clk 1:03:58]} 43. h5 {[%clk
0:04:08]} gxh5 {[%clk 1:00:42]} 44. Rxh5 {[%clk 0:04:31]} Kg6 {[%clk 1:01:07]}
45. Rhd5 {[%clk 0:04:45]} Kf6 {[%clk 1:00:59]} 46. Rd2 {[%clk 0:04:31]} Re7
{[%clk 0:59:18]} 47. R2d3 {[%clk 0:04:45]} R7e6 {[%clk 0:59:33]} 48. a3 {[%clk
0:05:09]} Re1 {[%clk 0:58:46]} 49. Kb4 {[%clk 0:04:41]} Rb1+ {[%clk 0:59:04]} 50.
Kc5 {[%clk 0:04:45]} Ra1 {[%clk 0:57:49]} 51. c4 {[%clk 0:04:57]} Rc1 {[%clk
0:57:37]} 52. R5d4 {[%clk 0:03:48]} bxc4 {[%clk 0:50:46]} 53. Rxc4 {[%clk
0:04:09]} Rc6+ {[%clk 0:49:47]} 54. Kxc6 {[%clk 0:04:37]} Rxc4+ {[%clk 0:50:10]}
55. Kb6 {[%clk 0:04:55]} Ra4 {[%clk 0:50:35]} 56. Kc5 {[%clk 0:05:23]} Kf5 {[%clk
0:50:27]} 57. Kd5 {[%clk 0:05:51]} h5 {[%clk 0:49:25]} 58. Rb3 {[%clk 0:05:28]}
Kg4 {[%clk 0:46:04]} 59. Ke5 {[%clk 0:04:36]} Ra5+ {[%clk 0:46:22]} 60. Ke6
{[%clk 0:03:47]} h4 {[%clk 0:42:38]} 61. gxh4 {[%clk 0:03:01]} Kxf4 {[%clk
0:42:56]} 62. Rb4+ {[%clk 0:02:54]} Kg3 {[%clk 0:40:03]} 63. a4 {[%clk 0:03:00]}
Rh5 {[%clk 0:39:29]} 64. Kd6 {[%clk 0:02:58]} Kf3 {[%clk 0:39:48]} 65. Kc6 {[%clk
0:03:13]} Ke3 {[%clk 0:40:03]} 66. Kb7 {[%clk 0:02:57]} Rh6 {[%clk 0:39:25]} 67.
a5 {[%clk 0:03:12]} Kd3 {[%clk 0:39:30]} 68. Rg4 {[%clk 0:02:48]} Kc3 {[%clk
0:39:38]} 69. Re4 {[%clk 0:02:27]} Kb3 {[%clk 0:39:55]} 70. Ka7 {[%clk 0:02:34]}
Ka3 {[%clk 0:40:08]} 71. Kb7 {[%clk 0:02:49]} Kb3 {[%clk 0:40:33]} 72. Rf4 {[%clk
0:03:09]} Kc3 {[%clk 0:40:34]} 73. Kc7 {[%clk 0:03:17]} Rh5 {[%clk 0:40:44]} 74.
Kb6 {[%clk 0:03:39]} Rh6+ {[%clk 0:41:07]} 75. Kb7 {[%clk 0:03:53]} Kb3 {[%clk
0:41:22]} 76. Re4 {[%clk 0:03:59]} Kc3 {[%clk 0:41:37]} 77. h5 {[%clk 0:04:04]}
Kb3 {[%clk 0:41:41]} 78. Rg4 {[%clk 0:02:19]} Ka3 {[%clk 0:41:48]} 79. Rc4 {[%clk
0:02:24]} Kb3 {[%clk 0:41:58]} 80. Rc6 {[%clk 0:02:51]} Rxh5 {[%clk 0:42:14]} 81.
Rxa6 {[%clk 0:02:28]} Kb4 {[%clk 0:42:20]} 82. Kb6 {[%clk 0:02:41]} Rh6+ {[%clk
0:42:41]} 83. Kb7 {[%clk 0:03:06]} Rh5 {[%clk 0:43:02]} 1/2-1/2

[Event "U14 Polish Youth Championship"]
[Site "chess24.com"]
[Date "2018.04.30"]
[Round "2"]
[White "Kacprzak, Kacper"]
[Black "Luczak, Filip"]
[Result "1/2-1/2"]
[Board "11"]
[WhiteElo "1668"]
[WhiteCountry "POL"]
[WhiteFideId "21819319"]
[WhiteEloChange "8"]
[BlackElo "2126"]
[BlackTitle "CM"]
[BlackCountry "POL"]
[BlackFideId "1193686"]
[BlackEloChange "-8"]

1. e4 {[%clk 1:30:38]} c5 {[%clk 1:30:59]} 2. Nf3 {[%clk 1:30:47]} d6 {[%clk
1:31:24]} 3. d4 {[%clk 1:30:55]} cxd4 {[%clk 1:31:50]} 4. Nxd4 {[%clk 1:31:22]}
Nf6 {[%clk 1:32:14]} 5. Nc3 {[%clk 1:31:11]} a6 {[%clk 1:32:43]} 6. f3 {[%clk
1:31:13]} e5 {[%clk 1:33:00]} 7. Nb3 {[%clk 1:31:18]} Be6 {[%clk 1:33:24]} 8. Be3
{[%clk 1:30:47]} Be7 {[%clk 1:33:48]} 9. Qd2 {[%clk 1:29:41]} O-O {[%clk
1:33:24]} 10. O-O-O {[%clk 1:28:50]} Qc7 {[%clk 1:30:41]} 11. g4 {[%clk 1:26:44]}
Rc8 {[%clk 1:28:33]} 12. Rg1 {[%clk 1:22:55]} Nbd7 {[%clk 1:15:04]} 13. g5 {[%clk
1:20:19]} Nh5 {[%clk 1:15:06]} 14. Nd5 {[%clk 1:19:49]} Bxd5 {[%clk 1:15:33]} 15.
exd5 {[%clk 1:20:17]} Nb6 {[%clk 1:03:15]} 16. Rg4 {[%clk 1:14:25]} Nf4 {[%clk
0:50:47]} 17. Bxf4 {[%clk 1:14:46]} exf4 {[%clk 0:51:15]} 18. c3 {[%clk 1:15:14]}
a5 {[%clk 0:47:18]} 19. Nd4 {[%clk 1:03:45]} a4 {[%clk 0:39:35]} 20. Nb5 {[%clk
1:00:37]} Qd7 {[%clk 0:23:34]} 21. Qxf4 {[%clk 0:48:08]} Rc5 {[%clk 0:18:12]} 22.
Na3 {[%clk 0:41:34]} Nxd5 {[%clk 0:11:24]} 23. Qd2 {[%clk 0:40:15]} Nc7 {[%clk
0:09:55]} 24. h4 {[%clk 0:38:21]} b5 {[%clk 0:09:26]} 25. Kb1 {[%clk 0:36:58]}
Qc6 {[%clk 0:05:45]} 26. Re4 {[%clk 0:33:14]} Ne6 {[%clk 0:05:18]} 27. Nc2 {[%clk
0:32:17]} a3 {[%clk 0:04:15]} 28. Nxa3 {[%clk 0:27:51]} d5 {[%clk 0:01:39]} 29.
Rb4 {[%clk 0:27:01]} d4 {[%clk 0:01:35]} 30. Bxb5 {[%clk 0:20:35]} Rxb5 {[%clk
0:01:36]} 31. Nxb5 {[%clk 0:20:15]} Bxb4 {[%clk 0:02:00]} 32. Nxd4 {[%clk
0:20:27]} Nxd4 {[%clk 0:01:02]} 33. Qxd4 {[%clk 0:20:39]} Bf8 {[%clk 0:01:29]}
34. Qd5 {[%clk 0:20:52]} Qa6 {[%clk 0:01:10]} 35. h5 {[%clk 0:20:32]} Rb8 {[%clk
0:01:13]} 36. Rd3 {[%clk 0:16:30]} Qb6 {[%clk 0:01:03]} 37. b4 {[%clk 0:15:29]}
Qg1+ {[%clk 0:00:58]} 38. Rd1 {[%clk 0:15:19]} Qb6 {[%clk 0:00:51]} 39. Rd3
{[%clk 0:14:44]} Be7 {[%clk 0:00:37]} 1/2-1/2

[Event "U14 Polish Youth Championship"]
[Site "chess24.com"]
[Date "2018.04.30"]
[Round "2"]
[White "Wysocki, Mateusz"]
[Black "Bachor, Tomasz"]
[Result "1-0"]
[Board "12"]
[WhiteElo "1626"]
[WhiteCountry "POL"]
[WhiteFideId "21810621"]
[WhiteEloChange "17"]
[BlackElo "1953"]
[BlackCountry "POL"]
[BlackFideId "21814694"]
[BlackEloChange "-17"]

1. e4 {[%clk 1:30:49]} c6 {[%clk 1:30:27]} 2. d4 {[%clk 1:31:12]} d5 {[%clk
1:30:52]} 3. e5 {[%clk 1:31:29]} Bf5 {[%clk 1:30:36]} 4. Nf3 {[%clk 1:31:51]} e6
{[%clk 1:30:55]} 5. Be2 {[%clk 1:32:02]} c5 {[%clk 1:30:32]} 6. Be3 {[%clk
1:30:53]} Qb6 {[%clk 1:29:00]} 7. Nc3 {[%clk 1:28:47]} Qxb2 {[%clk 0:47:05]} 8.
Qb1 {[%clk 1:25:05]} Qb4 {[%clk 0:25:44]} 9. a3 {[%clk 1:16:08]} Qxb1+ {[%clk
0:23:20]} 10. Rxb1 {[%clk 1:16:26]} c4 {[%clk 0:22:55]} 11. Rxb7 {[%clk 1:15:59]}
a6 {[%clk 0:20:46]} 12. Kd2 {[%clk 1:15:08]} Nc6 {[%clk 0:19:51]} 13. Rhb1 {[%clk
1:09:54]} Bxa3 {[%clk 0:16:47]} 14. Nh4 {[%clk 1:03:18]} Nge7 {[%clk 0:15:17]}
15. Nxf5 {[%clk 0:57:21]} Nxf5 {[%clk 0:15:01]} 16. R1b6 {[%clk 0:57:02]} Nd8
{[%clk 0:10:14]} 17. Rb8 {[%clk 0:54:40]} Rxb8 {[%clk 0:10:32]} 18. Rxb8 {[%clk
0:55:09]} O-O {[%clk 0:07:11]} 19. Ra8 {[%clk 0:52:29]} Bb4 {[%clk 0:05:52]} 20.
Rxa6 {[%clk 0:51:56]} h6 {[%clk 0:03:42]} 21. Rb6 {[%clk 0:39:58]} Ba5 {[%clk
0:03:55]} 22. Ra6 {[%clk 0:40:20]} Nb7 {[%clk 0:03:43]} 23. Bg4 {[%clk 0:37:44]}
Ne7 {[%clk 0:03:56]} 24. f4 {[%clk 0:34:18]} g6 {[%clk 0:03:59]} 25. Bf3 {[%clk
0:32:03]} Rc8 {[%clk 0:03:52]} 26. g4 {[%clk 0:30:37]} Kg7 {[%clk 0:04:11]} 27.
h3 {[%clk 0:23:27]} Kh7 {[%clk 0:04:04]} 28. Bg2 {[%clk 0:22:39]} h5 {[%clk
0:04:13]} 29. Bf3 {[%clk 0:22:56]} hxg4 {[%clk 0:04:36]} 30. hxg4 {[%clk
0:23:20]} Kg7 {[%clk 0:05:01]} 31. Be2 {[%clk 0:23:38]} Rc6 {[%clk 0:04:32]} 32.
Ra7 {[%clk 0:23:04]} Rb6 {[%clk 0:03:52]} 33. Bf2 {[%clk 0:20:48]} g5 {[%clk
0:03:21]} 34. Be3 {[%clk 0:18:16]} Kg6 {[%clk 0:02:25]} 35. Ra8 {[%clk 0:13:56]}
Rb2 {[%clk 0:02:27]} 36. Re8 {[%clk 0:08:45]} Nc6 {[%clk 0:02:29]} 37. f5+ {[%clk
0:08:00]} exf5 {[%clk 0:01:26]} 38. gxf5+ {[%clk 0:08:22]} Kh7 {[%clk 0:00:52]}
39. Bxg5 {[%clk 0:05:58]} Nxd4 {[%clk 0:01:14]} 40. Bf6 {[%clk 0:06:10]} Rxc2+
{[%clk 0:01:05]} 41. Kd1 {[%clk 0:06:15]} Nxf5 {[%clk 0:01:14]} 42. Rh8+ {[%clk
0:06:36]} Kg6 {[%clk 0:01:38]} 43. Bh5# {[%clk 0:06:52]} 1-0

[Event "U14 Polish Youth Championship"]
[Site "chess24.com"]
[Date "2018.04.30"]
[Round "2"]
[White "Haliniak, Wojciech"]
[Black "Suder, Jakub"]
[Result "1-0"]
[Board "13"]
[WhiteElo "1614"]
[WhiteCountry "POL"]
[WhiteFideId "21838461"]
[WhiteEloChange "17"]
[BlackElo "1895"]
[BlackCountry "POL"]
[BlackFideId "1195310"]
[BlackEloChange "-17"]

1. e4 {[%clk 1:30:57]} c5 {[%clk 1:30:54]} 2. Nc3 {[%clk 1:31:22]} a6 {[%clk
1:31:19]} 3. f4 {[%clk 1:31:10]} b5 {[%clk 1:31:25]} 4. Nf3 {[%clk 1:31:31]} Bb7
{[%clk 1:31:49]} 5. d3 {[%clk 1:31:42]} e6 {[%clk 1:32:00]} 6. g3 {[%clk
1:31:45]} d5 {[%clk 1:32:09]} 7. exd5 {[%clk 1:31:23]} exd5 {[%clk 1:32:30]} 8.
Bg2 {[%clk 1:31:20]} b4 {[%clk 1:30:59]} 9. Ne2 {[%clk 1:31:03]} g6 {[%clk
1:28:19]} 10. d4 {[%clk 1:27:57]} c4 {[%clk 1:27:23]} 11. f5 {[%clk 1:21:16]} Bg7
{[%clk 1:21:12]} 12. Bg5 {[%clk 1:12:45]} f6 {[%clk 1:19:37]} 13. Bd2 {[%clk
1:11:40]} Qb6 {[%clk 1:15:36]} 14. fxg6 {[%clk 1:03:00]} hxg6 {[%clk 1:15:56]}
15. O-O {[%clk 1:01:37]} g5 {[%clk 1:11:26]} 16. Qe1 {[%clk 0:58:10]} Ne7 {[%clk
1:02:58]} 17. Bxb4 {[%clk 0:56:32]} Nbc6 {[%clk 1:02:14]} 18. Bc5 {[%clk
0:55:26]} Qc7 {[%clk 1:01:38]} 19. Nc3 {[%clk 0:54:09]} O-O-O {[%clk 1:00:01]}
20. Na4 {[%clk 0:51:23]} Kb8 {[%clk 0:54:49]} 21. Bb6 {[%clk 0:50:55]} Qd6 {[%clk
0:55:02]} 22. Bxd8 {[%clk 0:50:40]} Rxd8 {[%clk 0:55:19]} 23. c3 {[%clk 0:48:40]}
Bc8 {[%clk 0:54:24]} 24. Nc5 {[%clk 0:46:47]} Bh6 {[%clk 0:53:24]} 25. b3 {[%clk
0:41:20]} Nf5 {[%clk 0:49:59]} 26. Nd2 {[%clk 0:34:17]} g4 {[%clk 0:49:05]} 27.
Nxa6+ {[%clk 0:23:36]} Ka7 {[%clk 0:48:56]} 28. Rxf5 {[%clk 0:23:14]} Bxf5 {[%clk
0:48:18]} 29. Nc5 {[%clk 0:23:18]} Bg6 {[%clk 0:46:04]} 30. Nf1 {[%clk 0:18:23]}
Ne5 {[%clk 0:43:02]} 31. bxc4 {[%clk 0:14:48]} Nxc4 {[%clk 0:40:46]} 32. Qd1
{[%clk 0:13:46]} Qc6 {[%clk 0:37:28]} 33. Qxg4 {[%clk 0:11:34]} Bg5 {[%clk
0:33:42]} 34. Re1 {[%clk 0:08:45]} Re8 {[%clk 0:29:34]} 35. Rxe8 {[%clk 0:07:57]}
Qxe8 {[%clk 0:29:24]} 36. Qe6 {[%clk 0:04:35]} Qxe6 {[%clk 0:28:30]} 37. Nxe6
{[%clk 0:03:44]} Bc1 {[%clk 0:28:28]} 38. Bxd5 {[%clk 0:03:34]} Nb6 {[%clk
0:27:59]} 39. Bb3 {[%clk 0:03:50]} Bb2 {[%clk 0:28:13]} 40. c4 {[%clk 0:04:08]}
Bf5 {[%clk 0:27:17]} 41. c5 {[%clk 0:03:35]} Nc8 {[%clk 0:27:13]} 42. Kg2 {[%clk
0:03:00]} Ne7 {[%clk 0:27:00]} 43. d5 {[%clk 0:02:05]} Be4+ {[%clk 0:27:06]} 44.
Kf2 {[%clk 0:02:19]} Bxd5 {[%clk 0:22:21]} 45. Bxd5 {[%clk 0:01:27]} Nxd5 {[%clk
0:22:11]} 46. Ne3 {[%clk 0:01:32]} Nb4 {[%clk 0:22:00]} 47. h4 {[%clk 0:01:06]}
Nd3+ {[%clk 0:21:11]} 48. Ke2 {[%clk 0:01:03]} Ne5 {[%clk 0:21:31]} 49. h5 {[%clk
0:00:59]} Nf7 {[%clk 0:21:13]} 50. Nf5 {[%clk 0:00:55]} Nh8 {[%clk 0:20:51]} 51.
c6 {[%clk 0:01:02]} Be5 {[%clk 0:21:05]} 52. Ke3 {[%clk 0:00:53]} Kb6 {[%clk
0:21:31]} 53. Ned4 {[%clk 0:00:51]} Kc5 {[%clk 0:21:46]} 54. a4 {[%clk 0:00:38]}
Nf7 {[%clk 0:20:57]} 55. h6 {[%clk 0:00:31]} Nxh6 {[%clk 0:19:38]} 56. Nxh6
{[%clk 0:00:35]} Bxd4+ {[%clk 0:19:25]} 57. Ke4 {[%clk 0:01:03]} Be5 {[%clk
0:19:44]} 58. g4 {[%clk 0:01:18]} Kxc6 {[%clk 0:19:51]} 59. Kf5 {[%clk 0:01:29]}
Kb6 {[%clk 0:16:45]} 60. Ng8 {[%clk 0:01:47]} Bb2 {[%clk 0:17:00]} 61. Nxf6
{[%clk 0:02:09]} Bc1 {[%clk 0:16:26]} 62. Nd5+ {[%clk 0:02:23]} Ka5 {[%clk
0:16:41]} 63. Nf4 {[%clk 0:02:40]} Bb2 {[%clk 0:16:55]} 64. g5 {[%clk 0:02:41]}
Bg7 {[%clk 0:16:13]} 65. Nh5 {[%clk 0:02:30]} Bh8 {[%clk 0:15:50]} 66. Nf6 {[%clk
0:02:51]} Bg7 {[%clk 0:15:49]} 67. Kg6 {[%clk 0:03:13]} Bf8 {[%clk 0:16:10]} 68.
Kf7 {[%clk 0:03:37]} Bh6 {[%clk 0:16:17]} 1-0